00451 2200181 4500001002100000005001500021035002000036245004500056100001500101250000600116300003500122260004200157082000800199084001400207020002200221600001400243990001200257INLIS00000000000196220250523101529 a0010-05250002541 aSeni Mengenal Diri Sendiri /cBrian Adam0 aBrian Adam a1 a156 :bIlust ;c13,5 x 19,5 cm aYogyakarta :bBright Publisher,c2020 a100 a100 BRI s a978-623-7773-52-3 4aNon Fiksi a0754546